Country by Hint - Statistics

General Stats
  • This quiz has been taken 30 times
  • The average score is 7 of 20
Answer Stats
Hint Answer % Correct
It Borders Gibraltar. Spain
90%
Faroe Islands Denmark
80%
Hell-Sink-EEEEEEEE! Finland
70%
rasta Jamaica
55%
The country with the oldest constitution. San Marino
50%
the first country in North America to abolish slavery Haiti
45%
The place where the first humans are believed to be born. Kenya
40%
WITAKU Kuwait
40%
Largest Country Without An Airport Andorra
30%
99.9% of its population is Islamic. Maldives
30%
It is the most recent country to abolish slavery. Mauritania
30%
juche North Korea
25%
cats are Qatar
25%
osh Kyrgyzstan
20%
8 tiny islands but used to be 9 Tuvalu
20%
Cesára Évora Cape Verde
15%
The Country That Anonymous Gopher Runs New Lithuortugal
15%
Bouvet Island Norway
15%
Bioko Equatorial Guinea
10%
The Full Name of San Marino The Most Serene Republic of San Marino
10%
No matching quizzes found
Score Distribution
Percent of People with Each Score
Percentile by Number Answered
Your Score History
You have not taken this quiz